000 00393pab a2200145 454500
008 180718b2003 xxu||||| |||| 00| 0 eng d
100 _aSingh, Rakesh Kumar
245 _aTraining in emotional intelligence and values: philosophy that will get results
260 _c2003
300 _ap.9-14.
362 _aOct-Dec
650 _aTraining
773 _aIndian Police Journal
909 _a60265
999 _c60265
_d60265